| 000 | 00510nam a2200181Ia 4500 | ||
|---|---|---|---|
| 005 | 20250508153206.0 | ||
| 008 | 008 250505s9999 xx 000 0 eng d | ||
| 037 | _aTextual | ||
| 040 |
_aFEDL _beng _cFEDL |
||
| 041 |
_aeng _2eng |
||
| 084 |
_a327.104, KAR _qFEDL |
||
| 100 |
_aKarunakaran K.P. Ed. _9763369 |
||
| 245 | 0 | _aOutside the contest | |
| 260 |
_aNew Delhi, India _bPeople's Publishing House _c1963 |
||
| 300 | _a226p. | ||
| 942 |
_cTEXL _h327.104, KAR |
||
| 999 |
_c1341154 _d1341154 |
||